Catálogo

Vista normal Vista MARC

Entrada Personal Name

Número de registros utilizados en: 1

001 - CONTROL NUMBER

  • control field: 16947

003 - CONTROL NUMBER IDENTIFIER

  • control field: Mx-PuUPA

005 - DATE AND TIME OF LATEST TRANSACTION

  • control field: 20250404142003.0

008 - FIXED-LENGTH DATA ELEMENTS

  • fixed length control field: 250404|| aca||aabn | a|a d

040 ## - CATALOGING SOURCE

  • Original cataloging agency: Mx-PuUPA
  • Language of cataloging: spa
  • Transcribing agency: Mx-PuUPA
  • Modifying agency: Mx-PuUPA
  • Description conventions: rda

100 1# - HEADING--PERSONAL NAME

  • Personal name: Mitre Camacho, Sofía,

373 ## - ASSOCIATED GROUP

  • Associated group: Universidad Autónoma de Tlaxcala
  • Associated group: Académia Certificada por la Asociación Nacional de Facultades y Escuelas de Contaduría y Administración (ANFECA)

374 ## - OCCUPATION

  • Occupation: Autor

375 ## - GENDER

  • Gender: mujer

377 ## - ASSOCIATED LANGUAGE

  • Language code: spa

400 1# - SEE FROM TRACING--PERSONAL NAME

  • Personal name: Camacho, Sofía Mitre

670 ## - SOURCE DATA FOUND

  • Source citation: Aplicación de costos en las pymes, 2010:
  • Information found: t.p. (Sofía Mitre Camacho) portada